[Event "IX EICC"]
[Site "Plovdiv BUL"]
[Date "2008.05.01"]
[Round "10"]
[White "Beinoras,M"]
[Black "Pelletier,Y"]
[Result "1/2-1/2"]
[WhiteElo "2339"]
[BlackElo "2607"]

1.d4 e6 2.c4 Nf6 3.Nf3 d5 4.Nc3 c6 5.e3 a6 6.Qc2 c5 7.cxd5 exd5 8.dxc5 Bxc5
9.Be2 Nc6 10.a3 O-O 11.O-O Ba7 12.b4 Bg4 13.Bb2 Rc8 14.Rad1 h6 15.Qd3 Be6
16.Qb1 Qe7 17.b5 axb5 18.Nxb5 Bb8 19.Qa1 Rfd8 20.Bxf6 Qxf6 21.Qxf6 gxf6 22.Nfd4 Ne5
23.Bd3 Kf8 24.Bb1 Rc5 25.Ba2 Ke7 26.Rfe1 f5 27.Kf1 Nc4 28.Re2 Kf6 29.f4 Nd6
30.Nxd6 Bxd6 31.Rb1 Ra5 32.Rxb7 Bc8 33.Rb5 Rxa3 34.Rxd5 Be6 35.Nxe6 fxe6
36.Rb5 Rb8 37.Rxb8 Bxb8 38.Bc4 Ba7 39.Kf2 Ra4 40.Rc2 Ra3 41.Re2 Ra4 42.Rc2 Ra3
43.Re2  1/2-1/2

[Event "IX EICC w"]
[Site "Plovdiv BUL"]
[Date "2008.05.01"]
[Round "10"]
[White "Atalik,E"]
[Black "Benderac,A"]
[Result "1-0"]
[WhiteElo "2409"]
[BlackElo "2334"]

1.c4 e6 2.Nc3 d5 3.d4 c6 4.e3 Nf6 5.Nf3 Nbd7 6.Bd3 a6 7.b3 Bd6 8.O-O O-O
9.Bb2 Re8 10.Qc2 b5 11.a4 bxc4 12.bxc4 dxc4 13.Bxc4 c5 14.Rfd1 Qc7 15.d5 Ne5
16.Nxe5 Bxe5 17.f4 Bd6 18.g3 e5 19.f5 Ng4 20.Re1 e4 21.Nxe4 Be5 22.d6 Qb7
23.Rab1 Bxb2 24.Rxb2 Qxe4 25.Qxe4 Rxe4 26.Bd5  1-0

[Event "IX EICC"]
[Site "Plovdiv BUL"]
[Date "2008.05.01"]
[Round "10"]
[White "Timofeev,Arty"]
[Black "Gustafsson,J"]
[Result "1/2-1/2"]
[WhiteElo "2664"]
[BlackElo "2603"]

1.d4 d5 2.c4 c6 3.Nf3 Nf6 4.Nc3 e6 5.e3 Nbd7 6.Bd3 dxc4 7.Bxc4 b5 8.Be2 Bb7
9.O-O Be7 10.e4 b4 11.e5 bxc3 12.exf6 Bxf6 13.bxc3 c5 14.dxc5 O-O 15.Ba3 Be7
16.Rb1 Bd5 17.Qd4 Rc8 18.c4 Bxf3 19.Bxf3 Bxc5 20.Bxc5 Nxc5 21.Rfd1 Qxd4 22.Rxd4 Rfd8  1/2-1/2

[Event "ch-NED U21"]
[Site "Venlo NED"]
[Date "2008.05.01"]
[Round "7"]
[White "Miedema,R"]
[Black "Van Oosterom,C"]
[Result "1/2-1/2"]
[WhiteElo "2281"]
[BlackElo "2399"]

1.d4 d5 2.c4 c6 3.Nc3 Nf6 4.e3 e6 5.Nf3 Nbd7 6.Bd3 dxc4 7.Bxc4 b5 8.Bd3 Bd6
9.e4 e5 10.d5 cxd5 11.Nxb5 Bb4+ 12.Bd2 Bxd2+ 13.Nxd2 Nc5 14.Qc2 Nxd3+ 15.Qxd3 O-O
16.Nc3 dxe4 17.Qxd8 Rxd8 18.O-O-O Bf5 19.Nc4 Ng4 20.Nd6 Bg6 21.Ncxe4 Rac8+
22.Nxc8 Rxc8+ 23.Nc3 Nxf2 24.Rhe1 Nxd1 25.Rxd1 Bf5 26.Rd5 Be4 27.Rxe5 Bxg2
28.Ra5 Rc7 29.Kd2 g6 30.Nb5 Rc5 31.a4 Bc6 32.Rxa7 Bxb5 33.axb5 Rxb5 34.Kc3 Rh5
35.b4 Rh3+ 36.Kc4 Rxh2 37.b5 Rb2 38.Ra4 h5 39.Rb4 Re2 40.b6 Re8 41.b7 Rb8
42.Kd5 Kg7 43.Kd6 g5 44.Kc7 Rxb7+ 45.Rxb7 h4 46.Kd6 Kf6 47.Kd5 Kf5 48.Rxf7+ Kg4
49.Ke4  1/2-1/2

[Event "XXI Open"]
[Site "Benidorm ESP"]
[Date "2008.05.02"]
[Round "8"]
[White "Kovalyov,A"]
[Black "Haslinger,S"]
[Result "1/2-1/2"]
[WhiteElo "2525"]
[BlackElo "2500"]

1.c4 c6 2.Nc3 d5 3.d4 Nf6 4.e3 e6 5.Nf3 Nbd7 6.Qc2 Bd6 7.b3 O-O 8.Be2 a6
9.O-O e5 10.cxd5 cxd5 11.dxe5 Nxe5 12.Bb2 Be6 13.Rac1 Rc8 14.Qb1 Nfg4 15.Nxe5 Bxe5
16.h3 Bh2+ 17.Kh1 Bb8 18.Bxg4 Bxg4 19.f4 Qh4 20.Qc2 Ba7 21.Qd2 Rfe8 22.Rce1 Rc6
23.Nd1 Bf5 24.Bc3 Rec8 25.Kh2 Be4 26.Re2 f5 27.Rg1 Bb8 28.Rf1 b5 29.Qd4 Rg6
30.Be1 Qe7  1/2-1/2

[Event "Stuttgarter Stadtmeisterschaft A"]
[Site "Ditzingen GER"]
[Date "2008.05.02"]
[Round "4"]
[White "Nabavi,P"]
[Black "Reefschlaeger,H"]
[Result "1/2-1/2"]
[WhiteElo "2185"]
[BlackElo "2295"]

1.d4 d5 2.c4 e6 3.Nc3 c6 4.e3 Nf6 5.Nf3 Nbd7 6.Bd3 dxc4 7.Bxc4 b5 8.Bd3 Bb7
9.e4 b4 10.Na4 c5 11.e5 Nd5 12.O-O h6 13.Qe2 Qa5 14.Bb5 a6 15.Bxd7+ Kxd7
16.Nxc5+ Bxc5 17.dxc5 Qxc5 18.Bd2 Qb6 19.Qe4 a5 20.Qg4 Rhg8 21.Rac1 Rad8
22.Rc2 Rdf8 23.Rfc1 Rd8 24.a3 Rb8 25.h3 Rbd8 26.axb4 axb4 27.Nd4 Rc8 28.Nb3 f5
29.Qh5 Ke7 30.Nc5 b3 31.Rc4 Ba6 32.Qh4+ Kf7 33.Nxa6 Qxa6 34.Qh5+ Ke7 35.Qh4+ Kf7
36.Qh5+  1/2-1/2

[Event "III Tch-ESP Selecciones Autonomicas"]
[Site "Melilla ESP"]
[Date "2008.05.02"]
[Round "4"]
[White "Gonzalez Arribas,V"]
[Black "Andres Gonzalez,I"]
[Result "1/2-1/2"]
[WhiteElo "2316"]
[BlackElo "2324"]

1.c4 Nf6 2.Nc3 e6 3.Nf3 d5 4.d4 c6 5.e3 Nbd7 6.Qc2 Bd6 7.Bd3 dxc4 8.Bxc4 b5
9.Bd3 Bb7 10.Bd2 a6 11.Ne4 Nxe4 12.Bxe4 Rc8 13.b4 Qe7 14.Rb1 Nf6 15.Bd3 Nd5
16.Qb3 O-O 17.O-O e5 18.e4 Nf6 19.dxe5 Bxe5 20.Nxe5 Qxe5 21.Bc3 Qf4 22.Bxf6 Qxf6
23.Rbc1 Rcd8 24.Rc5 Rd4 25.e5 Qf4 26.a3 Rfd8 27.Bb1 Qg4 28.h3 Qd7 29.Ba2 Rd3  1/2-1/2

[Event "IX EICC"]
[Site "Plovdiv BUL"]
[Date "2008.05.02"]
[Round "11"]
[White "Markus,Rob"]
[Black "Kaplan,S"]
[Result "1/2-1/2"]
[WhiteElo "2557"]
[BlackElo "2428"]

1.d4 d5 2.c4 c6 3.Nc3 Nf6 4.e3 e6 5.Nf3 Nbd7 6.Bd3 dxc4 7.Bxc4 b5 8.Be2 Bb7
9.a3 a5 10.O-O Be7 11.Qc2  1/2-1/2

[Event "IX EICC w"]
[Site "Plovdiv BUL"]
[Date "2008.05.02"]
[Round "11"]
[White "Benderac,A"]
[Black "Rogule,L"]
[Result "1/2-1/2"]
[WhiteElo "2334"]
[BlackElo "2255"]

1.d4 d5 2.Nf3 Nf6 3.e3 c6 4.c4 e6 5.Nc3 Nbd7 6.b3 Bb4 7.Bd2 Qe7 8.Be2 O-O
9.O-O Bd6 10.Qc2 dxc4 11.Bxc4 e5 12.Ne4 Nxe4 13.Qxe4 Nf6 14.Qc2 e4 15.Ne5 Bxe5
16.dxe5 Qxe5 17.Bc3 Qe7 18.Bxf6 gxf6 19.Rad1 Bf5 20.f3 Rad8 21.g4 Bg6 22.f4 f5
23.Qg2 fxg4 24.Rxd8 Rxd8 25.f5 Bh5 26.f6 Qe5 27.Rf4 Bg6 28.Qxg4 Qc3 29.Qh3 h5
30.Qg3 Kf8 31.Rf1 b5 32.Be2 Qc5 33.Qf4 Kg8 34.Kh1 Rd5 35.Qh6 Qf8 36.Qxf8+ Kxf8
37.Rc1 Rd6 38.Bxb5 Rxf6 39.Rxc6 Rf3 40.Rc3 Rf2 41.a4 h4 42.Kg1 Rb2 43.Bd7 Ke7
44.Bb5 Bh5 45.a5 Bf3 46.Bf1 Kd6 47.a6 f5 48.Bh3 Rb1+ 49.Kf2 Rh1 50.Bxf5 Rxh2+
51.Kg1 Rh1+ 52.Kf2 h3 53.Kg3 Bg2 54.Rc8 Ke5 55.Bg4 Bf1 56.Rh8 Bxa6 57.Rh5+ Kf6
58.Rh6+ Kg5 59.Rxa6 Re1 60.Ra5+ Kg6 61.Rb5 Rxe3+ 62.Kh2 a6 63.Rb6+ Kg5 64.Bxh3 Kf4
65.Bf1 a5 66.Bc4 Rc3 67.Rf6+ Ke3 68.Ra6 Rc2+ 69.Kg3 Ra2 70.Bb5 Ra1 71.Kg4 Kd4
72.Kf4 e3 73.Bc4 a4 74.Be2 a3 75.Ra4+ Kc3  1/2-1/2

[Event "IX EICC"]
[Site "Plovdiv BUL"]
[Date "2008.05.02"]
[Round "11"]
[White "Blagojevic,Dr"]
[Black "Beinoras,M"]
[Result "1/2-1/2"]
[WhiteElo "2532"]
[BlackElo "2339"]

1.d4 d5 2.c4 c6 3.Nc3 Nf6 4.e3 e6 5.Nf3 Nbd7 6.Bd3 Bd6 7.e4 dxe4 8.Nxe4 Nxe4
9.Bxe4 h6 10.O-O O-O 11.Re1 e5 12.Bc2 exd4 13.Qxd4 Bc5 14.Qc3 a5 15.a3 Nf6
16.Be3 Bxe3 17.Rxe3 Be6 18.Nd4 Bd7 19.Rae1 c5 20.Nf3 Re8 21.Ne5 Qc7 22.Nxd7 Qxd7
23.Rxe8+ Nxe8 24.Rd1 Qe7 25.Re1 Qd7 26.Rd1 Qe7 27.Re1 Qd7  1/2-1/2

[Event "IX EICC"]
[Site "Plovdiv BUL"]
[Date "2008.05.02"]
[Round "11"]
[White "Nielsen,PH"]
[Black "Grachev,B"]
[Result "0-1"]
[WhiteElo "2629"]
[BlackElo "2610"]

1.d4 d5 2.c4 c6 3.Nf3 Nf6 4.Nc3 e6 5.e3 Nbd7 6.Bd3 dxc4 7.Bxc4 b5 8.Bd3 Bd6
9.O-O O-O 10.Qc2 Bb7 11.a3 a5 12.e4 e5 13.dxe5 Nxe5 14.Nxe5 Bxe5 15.h3 Re8
16.Be3 Qc7 17.f4 Bxc3 18.bxc3 c5 19.e5 c4 20.Be2 Ne4 21.Rfb1 Bc6 22.Bf3 f5
23.a4 bxa4 24.Be2 Qf7 25.Rb6 Rec8 26.Bf3 Rab8 27.Rab1 Rxb6 28.Rxb6 a3 29.Bd4 Qe7
30.Qa2 Ba4 31.Bxe4 fxe4 32.Rd6 Qh4 33.Qxa3 e3 34.Qxa4 Qf2+ 35.Kh2 Qxf4+ 36.Kg1 Qf2+
37.Kh2 Qf4+ 38.Kg1 e2 39.Bf2 Rf8 40.Be1 Qe3+  0-1

[Event "IX EICC"]
[Site "Plovdiv BUL"]
[Date "2008.05.02"]
[Round "11"]
[White "Bogdanovski,V"]
[Black "Kounalakis,E"]
[Result "1-0"]
[WhiteElo "2391"]
[BlackElo "2099"]

1.Nf3 d5 2.c4 c6 3.e3 Nf6 4.Nc3 e6 5.d4 Be7 6.Bd3 O-O 7.O-O Nbd7 8.b3 a6
9.Bb2 b5 10.c5 Qc7 11.Qc2 a5 12.a3 Bb7 13.b4 axb4 14.axb4 Rxa1 15.Rxa1 Ra8
16.Rd1 g6 17.Ne2 Ne8 18.Nc1 f6 19.Qc3 Bf8 20.Re1 f5 21.Ne5 Bc8 22.f3 Nxe5
23.dxe5 Bd7 24.h3 Qd8 25.Ne2 Bg7 26.Rb1 Nc7 27.Qe1 Ra2 28.f4 Kf7 29.Nd4 h5
30.Bc3 Bf8 31.Nb3 Ra8 32.Bd4 Be7 33.Na5 Rb8 34.Qd1 Na6 35.Qd2 Qh8 36.Ra1 Nc7
37.Qe1 Qf8 38.g3 Qh8 39.Ra2 Qh6 40.Kh2 Qh7 41.Be2 Qh6 42.Bf3 Qh7 43.Nb3 Qh8
44.Kg1 Ra8 45.Na5 Rb8 46.Kf1 Qh6 47.Ke2 Qh8 48.Kd3 Qh6 49.Kc3 Qf8 50.Qe2 Qh6
51.Nb3 Ra8 52.Na5 Rb8 53.Ra1 Qh8 54.g4 hxg4 55.hxg4 fxg4 56.Bxg4 Qh6 57.Bf3 Rh8
58.Nb7 Ne8 59.Nd6+ Nxd6 60.cxd6 Bd8 61.Qg2 Qh3 62.Ra7 Qxg2 63.Rxd7+ Ke8 64.Rxd8+ Kxd8
65.Bxg2 g5 66.f5 exf5 67.e6 Rh6 68.Bb6+  1-0

[Event "IX EICC T/B WChQual"]
[Site "Plovdiv BUL"]
[Date "2008.05.03"]
[Round "1.2"]
[White "Fressinet,L"]
[Black "Galkin,A"]
[Result "1/2-1/2"]
[WhiteElo "2656"]
[BlackElo "2606"]

1.d4 d5 2.c4 e6 3.Nc3 c6 4.e3 Nf6 5.Nf3 Nbd7 6.Bd3 dxc4 7.Bxc4 b5 8.Bd3 Bb7
9.a3 a5 10.O-O Bd6 11.e4 e5 12.dxe5 Nxe5 13.Nxe5 Bxe5 14.Be3 O-O 15.h3 Re8
16.Qc2 Qe7 17.Ne2 Rad8 18.Rad1 Bc7 19.Bc5 Qe6 20.Nd4 Qe5 21.f4 Qh5 22.e5 Nd5
23.Be2 Qg6 24.Bd3 Qh5 25.Be2 Qh6 26.Nf5 Qe6 27.Nd4 Qc8 28.Bg4 Qa8 29.Nf5 Bc8
30.Bf3 Bxf5 31.Qxf5 Qb7 32.Rfe1 Bb6 33.Bxb6 Qxb6+ 34.Kh2 g6 35.Qe4 f5 36.Qd4 Qc7
37.Rc1 Re7 38.Bxd5+ Rxd5 39.Qxd5+ cxd5 40.Rxc7 Rxc7 41.Rd1 Rc5 42.b4 axb4
43.axb4 Rc4 44.Rxd5 Rxb4 45.Kg3 Rb3+ 46.Kf2 Rb2+ 47.Kf3  1/2-1/2

[Event "IX EICC T/B WChQual"]
[Site "Plovdiv BUL"]
[Date "2008.05.03"]
[Round "1.1"]
[White "Gurevich,M"]
[Black "Pavasovic,D"]
[Result "0-1"]
[WhiteElo "2611"]
[BlackElo "2595"]

1.c4 e6 2.Nf3 d5 3.d4 Nf6 4.Nc3 c6 5.e3 Nbd7 6.Bd3 dxc4 7.Bxc4 b5 8.Bd3 a6
9.a4 b4 10.Ne4 c5 11.dxc5 Nxc5 12.Nxc5 Bxc5 13.b3 Bb7 14.Bb2 O-O 15.O-O h6
16.Rc1 Be7 17.Qe2 Qa5 18.e4 Rfc8 19.Ne5 Qd8 20.Nc4 Nd7 21.Rfd1 a5 22.Bb1 Qe8
23.Rd3 Ba6 24.e5 Bxc4 25.bxc4 Nc5 26.Rg3 Rd8 27.Rf1 Ra7 28.Bc1 Kh8 29.Qc2 g6
30.Bxh6 Qxa4 31.Qe2 Rad7 32.Bc2 b3 33.Bxg6 fxg6 34.Qg4 Rd1 35.Rxd1 Rxd1+
36.Qxd1 b2  0-1

[Event "26th Liechtenstein Open"]
[Site "Triesen LIE"]
[Date "2008.05.03"]
[Round "9"]
[White "Bronznik,V"]
[Black "Guller,A"]
[Result "1-0"]
[WhiteElo "2373"]
[BlackElo "2110"]

1.d4 d5 2.c4 c6 3.Nf3 Nf6 4.Nc3 e6 5.e3 Nbd7 6.Qc2 Bd6 7.e4 dxe4 8.Nxe4 Nxe4
9.Qxe4 e5 10.dxe5 Nxe5 11.c5 f5 12.Qe2 Qa5+ 13.Bd2 Qxc5 14.Bc3 O-O 15.Nxe5 Be6
16.f4 Rfe8 17.Qf2 Bd5 18.Qxc5 Bxc5 19.a3 g5 20.O-O-O gxf4 21.Bd3 Re7 22.Bxf5 Bxg2
23.Rhg1 Be3+ 24.Kb1 Bxg1 25.Rxg1 Rg7 26.Be6+ Kf8 27.Nd7+ Rxd7 28.Bb4+ Ke8
29.Rxg2  1-0

[Event "4NCL 2007-8"]
[Site "Wokefield Park ENG"]
[Date "2008.05.03"]
[Round "9"]
[White "Collins,S IRL"]
[Black "Smith,Bri"]
[Result "1-0"]
[WhiteElo "2394"]
[BlackElo "1803"]

1.Nf3 d5 2.d4 Nf6 3.c4 e6 4.Nc3 c6 5.e3 Nbd7 6.Bd3 Be7 7.O-O O-O 8.Qe2 Re8
9.Rd1 Bf8 10.e4 dxe4 11.Nxe4 Nxe4 12.Qxe4 Nf6 13.Qh4 g6 14.Bg5 Be7 15.Ne5 Nh5
16.Bxe7 Qxe7 17.Qxe7 Rxe7 18.c5 Bd7 19.Rab1 Rd8 20.b4 Nf6 21.a4 a6 22.Be2 Nd5
23.Rb3 Be8 24.Nc4 Kg7 25.g3 Red7 26.Ne5 Re7 27.Rd2 Rc7 28.Kg2 Re7 29.Kf3 Rc7
30.h4 h5 31.Nc4 Rcd7 32.Ne5 Re7 33.b5 axb5 34.axb5 f6 35.Nc4 cxb5 36.Nd6 Bc6
37.Bxb5 Nc7+ 38.Bxc6 bxc6 39.Rb6 Nb5 40.Nxb5 cxb5 41.Rxb5 Red7 42.Rb4 e5
43.c6  1-0

[Event "Father Ivan Cvitanovic Mem"]
[Site "Split CRO"]
[Date "2008.05.04"]
[Round "7"]
[White "Martinovic,Sa"]
[Black "Doric,D"]
[Result "1/2-1/2"]
[WhiteElo "2403"]
[BlackElo "2448"]

1.d4 d5 2.c4 e6 3.Nc3 c6 4.e3 Nf6 5.Nf3 Nbd7 6.Qc2 Bd6 7.e4 Nxe4 8.Nxe4 dxe4
9.Qxe4 Bb4+ 10.Bd2 Bxd2+ 11.Nxd2 c5 12.dxc5 Qa5 13.a3 Qxc5 14.Bd3 Qe5 15.Qxe5 Nxe5
16.Be2 b6  1/2-1/2

[Event "Father Ivan Cvitanovic Mem"]
[Site "Split CRO"]
[Date "2008.05.05"]
[Round "8"]
[White "Polak,T"]
[Black "Martinovic,Sa"]
[Result "1/2-1/2"]
[WhiteElo "2553"]
[BlackElo "2403"]

1.d4 d5 2.c4 c6 3.Nc3 Nf6 4.e3 e6 5.Nf3 a6 6.b3 Bb4 7.Bd2 Bd6 8.Bd3 c5 9.O-O Nc6
10.cxd5 exd5 11.dxc5 Bxc5 12.Ne2 O-O 13.Rc1 Ba3  1/2-1/2

[Event "4NCL 2007-8"]
[Site "Sunningdale ENG"]
[Date "2008.05.05"]
[Round "11"]
[White "Anderton,D"]
[Black "Law,A"]
[Result "1/2-1/2"]
[WhiteElo "2239"]
[BlackElo "2303"]

1.d4 d5 2.c4 c6 3.Nc3 Nf6 4.e3 e6 5.Nf3 Nbd7 6.Qc2 Bd6 7.g4 Bb4 8.Bd2 b6
9.g5 Bxc3 10.Bxc3 Ne4 11.h4 Bb7 12.O-O-O Qe7 13.Rg1 O-O-O 14.Bd3 Nxc3 15.Qxc3  1/2-1/2

[Event "4NCL 2007-8"]
[Site "Sunningdale ENG"]
[Date "2008.05.05"]
[Round "11"]
[White "Richardson,Joh"]
[Black "McDonald,N"]
[Result "1/2-1/2"]
[WhiteElo "2305"]
[BlackElo "2386"]

1.d4 d5 2.Nf3 c6 3.c4 Nf6 4.e3 e6 5.Nc3 Nbd7 6.Qc2 b6 7.cxd5 exd5 8.Bd3 Bb7
9.e4 dxe4 10.Nxe4 Nxe4 11.Bxe4 Bb4+ 12.Bd2 Bxd2+ 13.Nxd2 Rc8 14.O-O h6 15.Bh7 Nf6
16.Rfe1+ Kf8 17.Bf5 Rc7 18.Rad1 g6 19.Bh3 Kg7 20.Nc4 Nd5 21.Ne3 Bc8 22.Bxc8 Rxc8
23.Qa4 a5 24.Qb3 Qd6 25.Nc4 Qb4 26.Qc2 Rhe8 27.Rxe8 Rxe8 28.Ne5 Re6 29.g3 Qd6
30.Qb3 Qd8 31.Qf3 Qe8 32.Kg2 f6 33.Nc4 a4 34.Rc1 h5 35.h4 Qe7 36.a3 Qe8 37.Kf1 b5
38.Nd2 f5 39.Nb1 Re4 40.Nc3 Rxd4 41.Nxd5 Rxd5 42.Qc3+ Kf7 43.Re1 Qc8 44.Qe3 Rd7
45.Qe6+ Kg7 46.Qe5+ Kh7 47.Qf6 c5 48.Re7+ Rxe7 49.Qxe7+ Kg8 50.Qf6 Qe8 51.Qd6 c4
52.Qd5+ Kh7 53.Qb7+ Kh6 54.Qd5 Kg7 55.Qd4+ Kf7 56.Qd5+ Kf6 57.Qd6+ Qe6 58.Qf8+ Qf7
59.Qd6+ Qe6 60.Qf8+ Ke5 61.Qc5+ Qd5 62.Qe7+ Qe6 63.Qc5+ Qd5 64.Qe7+ Qe6  1/2-1/2

[Event "Panamericano w"]
[Site "San Salvador ESA"]
[Date "2008.05.06"]
[Round "1"]
[White "Heredia Serrano,C"]
[Black "Romero Echeverria,A"]
[Result "1/2-1/2"]
[WhiteElo "2016"]
[BlackElo "2000"]

1.d4 d5 2.Nf3 c6 3.c4 e6 4.Nc3 Nf6 5.e3 Nbd7 6.Bd3 dxc4 7.Bxc4 Be7 8.O-O O-O
9.Qc2 h6 10.b3 b6 11.Bb2 Bb7 12.Rad1 Qc7 13.Be2 Rac8 14.Rd2 Rfd8 15.Rfd1  1/2-1/2

[Event "43rd Capablanca Memorial Open"]
[Site "Havana CUB"]
[Date "2008.05.08"]
[Round "1"]
[White "Pecorelli Garcia,H"]
[Black "Hansen,SuB"]
[Result "1-0"]
[WhiteElo "2384"]
[BlackElo "2549"]

1.d4 d5 2.c4 c6 3.Nf3 Nf6 4.Nc3 e6 5.e3 a6 6.c5 Nbd7 7.b4 g6 8.Be2 Bg7 9.Bb2 O-O
10.O-O Re8 11.h3 e5 12.dxe5 Nxe5 13.Nxe5 Rxe5 14.Nb5 Rg5 15.h4 Rxg2+ 16.Kxg2 axb5
17.Rh1 Bf5 18.Bd4 Be4+ 19.f3 Bf5 20.a4 bxa4 21.Rxa4 Rxa4 22.Qxa4 Nh5 23.Bxg7 Kxg7
24.Qa1+ f6 25.Kf2 Qc7 26.f4 Nxf4 27.exf4 Qxf4+ 28.Bf3 Be4 29.Qd1 d4 30.Kg2 Qg4+
31.Kf2 Qf4 32.Rh3 d3 33.Kg2 f5 34.Bxe4 fxe4 35.Qa1+ Kh6 36.Qf1 Qe5 37.Qf8+ Kh5
38.Rg3 d2 39.Qf1 Kh6 40.Qf8+ Kh5 41.Qd8  1-0

[Event "FSGM May"]
[Site "Budapest HUN"]
[Date "2008.05.09"]
[Round "7"]
[White "Bui Vinh"]
[Black "Ilincic,Z"]
[Result "1/2-1/2"]
[WhiteElo "2448"]
[BlackElo "2548"]

1.d4 d5 2.c4 c6 3.Nc3 Nf6 4.e3 e6 5.Nf3 Nbd7 6.Bd3 Be7 7.O-O O-O 8.e4 dxe4
9.Nxe4 Nxe4 10.Bxe4 Nf6 11.Bc2 b6  1/2-1/2

[Event "ENCI Limburg Open"]
[Site "Maastricht NED"]
[Date "2008.05.09"]
[Round "1"]
[White "Harestad,H"]
[Black "Roggeveen,P"]
[Result "1-0"]
[WhiteElo "2268"]
[BlackElo "2099"]

1.d4 d5 2.c4 e6 3.Nc3 c6 4.e3 Nf6 5.Nf3 Nbd7 6.Qc2 Bd6 7.Bd3 O-O 8.O-O dxc4
9.Bxc4 a6 10.e4 e5 11.Rd1 Qc7 12.g3 exd4 13.Nxd4 Bc5 14.Be2 Rd8 15.Nb3 Bd6
16.f4 Be7 17.e5 Ne8 18.Be3 g6 19.Rac1 Nb6 20.Nc5 Bf5 21.Qb3 Nd7 22.Nxd7 Rxd7
23.Rxd7 Qxd7 24.Rd1 Qc7 25.Bb6 Qc8 26.Bc4 Be6 27.Bxe6 fxe6 28.Ne4 Kf7 29.Qd3 Kf8
30.Qd7 Ng7 31.Qxc8+ Rxc8 32.Rd7 Rb8 33.Ba7 Rd8 34.Rxb7 Rd4 35.b3 Rd1+ 36.Kf2 Ra1
37.Rb8+ Kf7 38.Nd6+ Bxd6 39.exd6 Rd1 40.Rb7+ Kf6 41.d7 e5 42.fxe5+  1-0

[Event "ENCI Limburg Open"]
[Site "Maastricht NED"]
[Date "2008.05.09"]
[Round "1"]
[White "Geboers,J"]
[Black "Lehaen,F"]
[Result "1/2-1/2"]
[WhiteElo "1968"]
[BlackElo "1931"]

1.d4 Nf6 2.c4 e6 3.Nf3 d5 4.Nc3 c6 5.e3 Nbd7 6.Bd3 a6 7.e4 dxc4 8.Bxc4 b5
9.Bd3 c5 10.d5 Nb6 11.dxe6 Bxe6 12.e5 Nfd5 13.Ng5 Nxc3 14.bxc3 Qd5 15.Qe2 Rd8
16.Be4 Qc4 17.Qxc4 Bxc4 18.Bc6+ Ke7 19.Ne4 Ke6 20.Be3 Na4 21.Nd2 Bd5 22.Bxd5+ Rxd5
23.c4 Rd7 24.O-O-O Nc3 25.Rde1 Nxa2+ 26.Kb1 Nc3+ 27.Kc2 Na4 28.Rb1 Rb7 29.Nf3 h6
30.Rhd1 Be7 31.Rd3 Rd8 32.Ra3 Rdb8 33.g4 Nb6 34.cxb5 Nc4 35.Rxa6+ Rb6 36.Rxb6+ Rxb6
37.Kd3 Na3 38.Rb3 c4+ 39.Kc3 cxb3 40.Bxb6 b2 41.Nd2 b1=Q 42.Nxb1 Nxb1+ 43.Kb2 Na3
44.f4 Nxb5 45.Kc2 Kd5 46.Kd3 Bc5 47.Bxc5 Kxc5 48.Ke4 g6 49.f5 Nc3+ 50.Kd3 Nd5
51.Ke4 Ne7 52.fxg6 fxg6 53.h4 Kc4 54.e6 Ng8 55.Ke5 Kd3 56.e7 Nxe7 57.Kf6 Ke4
58.g5 hxg5 59.hxg5  1/2-1/2

[Event "FSGM May"]
[Site "Budapest HUN"]
[Date "2008.05.10"]
[Round "8"]
[White "Nguyen Huynh Minh Huy"]
[Black "Prohaszka,P2"]
[Result "1/2-1/2"]
[WhiteElo "2482"]
[BlackElo "2506"]

1.d4 d5 2.Nf3 Nf6 3.c4 c6 4.e3 e6 5.Nc3 Nbd7 6.Bd3 dxc4 7.Bxc4 b5 8.Be2 Bb7
9.O-O Be7 10.e4 b4 11.e5 bxc3 12.exf6 Bxf6 13.bxc3 c5 14.dxc5 O-O 15.Be3 Be7
16.Rb1 Bd5 17.c4 Be4 18.Bd3 Bxd3 19.Qxd3 Nxc5 20.Qxd8 Rfxd8 21.Rfd1 f6 22.Kf1 Rdc8
23.Bxc5 Bxc5 24.Rb7 Rab8 25.Rdd7 Rxb7 26.Rxb7 Bb6 27.Nd2 Rd8  1/2-1/2

[Event "11th IHEM"]
[Site "Hamburg GER"]
[Date "2008.05.10"]
[Round "1"]
[White "Adly,A"]
[Black "Nedic,D"]
[Result "1-0"]
[WhiteElo "2578"]
[BlackElo "2260"]

1.d4 d5 2.c4 c6 3.Nc3 Nf6 4.Nf3 e6 5.e3 Nbd7 6.Qc2 Bd6 7.g4 Nxg4 8.Rg1 f5
9.h3 Ngf6 10.Rxg7 Ne4 11.Bd2 Qf6 12.Rg2 Nf8 13.O-O-O Bd7 14.Bd3 Ng6 15.Rdg1 Nxc3
16.Bxc3 O-O-O 17.Rg5 Kb8 18.Ba5 Rdf8 19.c5 Be7 20.Qb3 Qf7 21.R5g2 Bf6 22.Qa4 Ne7
23.Ng5 Bxg5 24.Rxg5 Rhg8 25.Qd1 Rxg5 26.Rxg5 f4 27.Qg4 Ng6 28.Qh5 Be8 29.Bd2 Qe7
30.exf4 Ka8 31.Qg4 b6 32.f5 exf5 33.Rxf5 Bd7 34.Rxf8+ Nxf8 35.Qg8 Kb7 36.cxb6 axb6
37.h4 Qf6 38.Be3 Bf5 39.Bg5 Qg6 40.Qxg6 Bxg6 41.Be2 Ne6 42.Be3 Kc7 43.Bg4 Kd6
44.a4 h5 45.Bh3 Bf7 46.b4 Be8 47.a5 bxa5 48.bxa5 c5 49.dxc5+ Nxc5 50.Bxc5+ Kxc5
51.a6 Bb5 52.Bf1 Bc6 53.Be2 Kb6 54.Bxh5 Kxa6 55.Bg6  1-0

[Event "X Open"]
[Site "Salou ESP"]
[Date "2008.05.10"]
[Round "3"]
[White "Mirzoev,A"]
[Black "Cuartas,Ja"]
[Result "1-0"]
[WhiteElo "2543"]
[BlackElo "2496"]

1.d4 d5 2.c4 c6 3.Nc3 Nf6 4.Nf3 e6 5.e3 Nbd7 6.b3 Bb4 7.Bd2 O-O 8.Qc2 Re8
9.Be2 e5 10.cxd5 exd4 11.Nxd4 Bxc3 12.Bxc3 Nxd5 13.Bb2 Qa5+ 14.Qd2 Qxd2+
15.Kxd2 N7f6 16.Rhc1 Bd7 17.Ke1 Rad8 18.a3 Bg4 19.Bf1 Bc8 20.b4 a6 21.h3 Ne4
22.Rc2 f5 23.Be2 f4 24.exf4 Nxf4 25.Bc4+ Kh8 26.Kf1 Nd6 27.Bb3 Nb5 28.Rd2 Nxd4
29.Rxd4 Rxd4 30.Bxd4 Bf5 31.Be3 Be6 32.Bc2 Bc4+ 33.Kg1 Nd5 34.Bd2 Nf6 35.Re1 Rxe1+
36.Bxe1 Kg8 37.f3 Kf7 38.Kf2 b6 39.g4 g6 40.h4 Nd7 41.Ke3 c5 42.Kf4 Nf6 43.bxc5 bxc5
44.Bf2 Nd7 45.Be4 Kf6 46.Be1 h6 47.Bc3+ Kf7 48.Bc6 Nb6 49.Ke4 Be6 50.Bd2 Nc4
51.Bc1 Nd6+ 52.Kf4 Nc4 53.Bb7 a5 54.Bc6 Kf6 55.Ke4 h5 56.gxh5 gxh5 57.Kf4 Bf7
58.Be4 Be6 59.Bd3 Bd5 60.Bc2 Bf7 61.Kg3 Bd5 62.a4 Ne5 63.Bb2 Ke6 64.f4 Nc4
65.f5+ Kf7 66.Bc1 Ne5 67.Kf4 Nf3 68.Bd1 Nxh4 69.Bxh5+ Kg7 70.Bd1 c4 71.Bd2 Kf6
72.Bc3+ Ke7 73.Bxa5 Kd6 74.Bb4+ Kc6 75.Bh5 Nxf5 76.Kxf5 Kb7 77.Ke5 Bc6 78.Bd1 Bg2
79.Kd4 Bh1 80.Kxc4 Be4 81.a5 Ka6 82.Kc5 Ka7 83.Be2 Bb7 84.Bd2 Ba6 85.Bg4 Bf1
86.Kc6 Bg2+ 87.Kc7 Bb7 88.Be3+ Ka8 89.Bh3 Be4 90.Bc8  1-0

[Event "Kaupthing Open"]
[Site "Differdange LUX"]
[Date "2008.05.11"]
[Round "2"]
[White "Degtiarev,E"]
[Black "Henrichs,T"]
[Result "1/2-1/2"]
[WhiteElo "2350"]
[BlackElo "2497"]

1.d4 d5 2.Nf3 Nf6 3.c4 c6 4.Nc3 e6 5.e3 Nbd7 6.Qc2 Bd6 7.b3 O-O 8.Be2 Qe7
9.O-O Re8 10.Bb2 b6 11.Rfe1 Bb7 12.Rad1 Rad8 13.Bd3 dxc4 14.Bxc4 c5 15.Qe2 h6  1/2-1/2

[Event "ENCI Limburg Open"]
[Site "Maastricht NED"]
[Date "2008.05.11"]
[Round "4"]
[White "Van Kooten,L"]
[Black "Nijs,N"]
[Result "1/2-1/2"]
[WhiteElo "2250"]
[BlackElo "2101"]

1.d4 d5 2.c4 c6 3.Nc3 Nf6 4.Nf3 e6 5.e3 Nbd7 6.Qc2 Bd6 7.b3 O-O 8.Be2 b6
9.O-O Bb7 10.e4 dxe4 11.Nxe4 Nxe4 12.Qxe4 Nf6 13.Qh4 c5 14.dxc5 Bxc5 15.Bb2 Qe7
16.Bd3 h6 17.Rad1 Bxf3 18.gxf3 Nd7 19.Qg3 f5 20.Rfe1 Rf7 21.Bc2 Nf8 22.Be5 Rd8
23.f4 Kh7 24.Rxd8 Qxd8 25.Bc3 Qe7 26.Bd1 Bb4 27.Bh5 g6 28.Be2 Bxc3 29.Qxc3 Rg7
30.Bf3 Qh4 31.Qe3 Kg8 32.Rc1 g5 33.fxg5 hxg5 34.b4 f4 35.Qe5 Rh7 36.Be4 Qxh2+
37.Kf1 Rg7 38.Rd1 g4 39.Rd8 Qh3+ 40.Ke1 Qh6 41.Qd6 Rf7 42.c5 bxc5 43.bxc5 g3
44.c6 gxf2+ 45.Kf1 Qh3+ 46.Bg2 Qe3 47.Qd2 Qxd2 48.Rxd2 f3 49.Bxf3 Rxf3 50.Rc2 Ng6
51.c7 Ne7 52.c8=Q+ Nxc8 53.Rxc8+ Kg7 54.Rc6 Rf6 55.Rc7+ Rf7  1/2-1/2

[Event "ENCI Limburg Open"]
[Site "Maastricht NED"]
[Date "2008.05.11"]
[Round "5"]
[White "Nijs,N"]
[Black "Konijn,B"]
[Result "0-1"]
[WhiteElo "2101"]
[BlackElo "2236"]

1.d4 d5 2.c4 c6 3.Nc3 Nf6 4.Nf3 e6 5.e3 Nbd7 6.Bd3 Bb4 7.O-O O-O 8.Bd2 Qe7
9.a3 Bd6 10.Qc2 dxc4 11.Bxc4 e5 12.Bd3 Re8 13.dxe5 Nxe5 14.Nxe5 Qxe5 15.f4 Qh5
16.Ne4 Nxe4 17.Bxe4 Be6 18.Rae1 Rad8 19.Kh1 f5 20.Bf3 Qf7 21.e4 Bc4 22.Rg1 Bb3
23.Qc3 fxe4 24.Bxe4 Be7 25.Qc1 Bh4 26.g3 Rxe4 27.Rxe4 Bd5 28.Re1 Qf5 29.Qc2 Re8
30.Kg1 Rxe4 31.Rxe4 Bxe4 32.Qb3+ Bd5 33.Qe3 Bd8 34.Qxa7 Qe4 35.Kf2 Qf3+ 36.Ke1 Bc4  0-1

[Event "Mayors Cup Open"]
[Site "Mumbai IND"]
[Date "2008.05.11"]
[Round "1"]
[White "Kamble,V"]
[Black "Pranav,Z"]
[Result "1-0"]
[WhiteElo "2378"]
[BlackElo "1774"]

1.d4 d5 2.c4 c6 3.Nf3 Nf6 4.Nc3 e6 5.e3 Bd6 6.Qc2 Nbd7 7.g4 dxc4 8.Bxc4 Nd5
9.Bd2 N7b6 10.Be2 Bd7 11.Ne4 Be7 12.Nc5 Qc7 13.Qc1 Bd6 14.e4 Ne7 15.Nd3 Ng6
16.a4 e5 17.a5 Nc8 18.dxe5 Bxe5 19.h4 Bxg4 20.h5 Bxf3 21.Bxf3 Qd6 22.a6 Nce7
23.Ra3 Nf8 24.Nxe5 bxa6 25.Nc4 Qe6 26.Bb4 Nd7 27.Nd6+ Kf8 28.Qc4 Qxc4 29.Nxc4 c5
30.Bc3 Nb6 31.h6 f6 32.Nd6 Nec8 33.hxg7+ Kxg7 34.Nf5+ Kf7 35.Rh6  1-0

[Event "Mayors Cup Open"]
[Site "Mumbai IND"]
[Date "2008.05.11"]
[Round "1"]
[White "Gagunashvili,M"]
[Black "Suresh,J"]
[Result "1-0"]
[WhiteElo "2553"]
[BlackElo "1838"]

1.d4 d5 2.c4 e6 3.Nc3 Nf6 4.Nf3 c6 5.e3 Be7 6.Bd3 Nbd7 7.O-O O-O 8.Qe2 Re8
9.e4 Nxe4 10.Nxe4 dxe4 11.Bxe4 Nf8 12.Bf4 Bf6 13.Rad1 Qe7 14.Rfe1 Bd7 15.Qc2 b6
16.d5 cxd5 17.cxd5 Rac8 18.d6 Qd8 19.Qb3 Rc5 20.Re2 Qc8 21.Be3 Rb5 22.Qd3 Rxb2
23.Rc1 Qd8 24.Rxb2 Bxb2 25.Rc7 b5 26.Bxa7 b4 27.Qb3 Ba3 28.Ne5 Qg5 29.Qe3 Qxe3
30.fxe3 Ba4 31.d7 Rd8 32.Rc8 Rxd7 33.Bc5  1-0